Math Words Beginning with P - Statistics

General Stats
  • This quiz has been taken 50 times
  • The average score is 8 of 11
Answer Stats
Hint Answer % Correct
A number that is only divisible by 1 and by itself {Prime} number
98%
a2 + b2 = c2 {Pythagorean} theorem
93%
If two lines never intersect, they are ______ Parallel
90%
Fraction with denominator 100 Percentage
88%
If two lines intersect at right angles to each other, they are ______ Perpendicular
88%
Number between 0 and 1 representing the likelihood of an event occurring Probability
88%
Greater than zero Positive
83%
23 or 52, for example Power
76%
The continuous line forming the boundary of a closed geometric figure Perimeter
71%
nPr in notation Permutation
37%
Solution to a differential equation under a boundary condition {Particular} solution
15%
No matching quizzes found
Score Distribution
Percent of People with Each Score
Percentile by Number Answered
Your Score History
You have not taken this quiz